| 000 | 00362nam a2200133Ia 4500 | ||
|---|---|---|---|
| 008 | 240624s9999 xx 000 0 und d | ||
| 041 | _aeng | ||
| 082 | _a332.6322 SCO | ||
| 100 | _aSCOTT DAVID L | ||
| 245 | _aDAVID SCOTT S GUIDES INVESTING IN COMMON | ||
| 260 |
_c2005 _aBoston _bHoughton Mifflin Company |
||
| 300 | _aviii, : 178 : p. : cm. ; 19 | ||
| 365 |
_c _b35 |
||
| 999 |
_c5827 _d5827 |
||